Statistics for Things that are "Free"

Click here to take the quiz!

General Stats

  • This quiz has been taken 44,656 times
    (12,177 since last reset)
  • The average score is 12 of 20

Answer Stats

ClueAnswer% Correct
Freedom to say what one wantsFree Speech
96%
Movie about a boy and a killer whaleFree Willy
84%
Road without traffic lights or stop signsFreeway
76%
Swimming eventFreestyle
70%
Player who is free to sign with any teamFree Agent
69%
To escape punishment is to get off ...Scot Free
69%
Capitalist systemFree Market
68%
Secret society that actually
controls everything
Freemasonry
66%
Method of farming where animals
roam freely
Free Range
65%
Capital of Sierra LeoneFreetown
65%
Store found at international bordersDuty Free
61%
Shaq's greatest weaknessFree Throws
55%
There's no such thing as a ...Free Lunch
52%
To work on a contract basisFreelance
51%
PolyamoryFree Love
50%
Song by Tom PettyFree Fallin'
48%
Lack of tariffsFree Trade
45%
Oft-requested song at concertsFree Bird
44%
Independence movement to undo
a 1950 China annexation
Free Tibet
44%
Antioxidant's enemyFree Radicals
37%

Score Distribution

Percentile by Number Answered

Percent of People with Each Score

Your Score History

You have not taken this quiz since the last reset